| 000 | 00331nam a2200097Ia 4500 | ||
|---|---|---|---|
| 008 | 180130s9999 xx 000 0 und d | ||
| 245 |
_cCollins, Dave; Kiely, John _aThe competition environment |
||
| 260 | _c2015 | ||
| 300 | _aBook title: Practical sports coaching--Acession number C20229; pages 71-84 | ||
| 650 | _aCOACHING (ATHLETICS) | ||
| 999 |
_c354566 _d354566 |
||